Vista normal
Vista MARC
Entrada Personal Name
Número de registros utilizados en: 2
001 - CONTROL NUMBER
- control field: 7059
003 - CONTROL NUMBER IDENTIFIER
- control field: OSt
005 - DATE AND TIME OF LATEST TRANSACTION
- control field: 20200711115039.0
008 - FIXED-LENGTH DATA ELEMENTS
- fixed length control field: 200711|| aca||aabn | a|a d
040 ## - CATALOGING SOURCE
- Original cataloging agency: OSt
- Transcribing agency: OSt
100 ## - HEADING--PERSONAL NAME
- Personal name: Botero Herrera, Fernando
670 ## - SOURCE DATA FOUND
- Source citation: Work cat.: (OSt)3636: Botero Herrera, Fernando, autor, La industrialización en Antioquia : , 1984